Statistics for 20 Capital Cities Furthest from country's Geographical Center

Click here to take the quiz!

General Stats

  • This quiz has been taken 890 times
  • The average score is 12 of 20

Answer Stats

D (km)CAPITAL CITY% Correct
3,370 Moscow
97%
2,962 Washington
95%
1,149 Beijing
93%
2,284 Ottawa
91%
1,738 Canberra
87%
765 Brasilia
82%
603 Buenos Aires
81%
683 New Delhi
80%
955 Algiers
71%
952 Kinshasa
68%
1,162 Jakarta
67%
810 Tripoli
58%
596 Mexico City
48%
877 Oslo
48%
722 Bamako
33%
910 Niamey
31%
1,165 Kuala Lumpur
30%
628 Luanda
29%
1,014 Maputo
26%
666 Nouakchott
24%

Score Distribution

Percentile by Number Answered

Percent of People with Each Score

Your Score History

You have not taken this quiz